<?xml version="1.0" encoding="UTF-8"?>
<collection xmlns="http://www.loc.gov/MARC21/slim">
 <record>
  <leader>01084pam a22003018a 4500</leader>
  <controlfield tag="001">00045722</controlfield>
  <controlfield tag="005">20200903090950.0</controlfield>
  <controlfield tag="008">150423s2013                  ||||||Viesd</controlfield>
  <datafield tag="020" ind1="#" ind2="#">
   <subfield code="a">9786040196019</subfield>
   <subfield code="c">9000</subfield>
  </datafield>
  <datafield tag="041" ind1="0" ind2="#">
   <subfield code="a">Vie</subfield>
  </datafield>
  <datafield tag="082" ind1="1" ind2="4">
   <subfield code="a">372.37</subfield>
   <subfield code="b">V460B</subfield>
  </datafield>
  <datafield tag="100" ind1="#" ind2="#">
   <subfield code="a">Bùi, Sỹ Tụng</subfield>
   <subfield code="e">Chủ biên</subfield>
  </datafield>
  <datafield tag="245" ind1="0" ind2="0">
   <subfield code="a">Vở bài tập Hoạt động trải nghiệm 1</subfield>
   <subfield code="c">Bùi Sỹ Tụng (chủ biên); Lê Thị Luận, Lưu Danh Văn</subfield>
  </datafield>
  <datafield tag="260" ind1="#" ind2="#">
   <subfield code="a">Hà Nội</subfield>
   <subfield code="b">Giáo dục</subfield>
   <subfield code="c">2020</subfield>
  </datafield>
  <datafield tag="300" ind1="#" ind2="#">
   <subfield code="a">43 tr.</subfield>
   <subfield code="c">24 cm</subfield>
   <subfield code="b">minh họa màu</subfield>
  </datafield>
  <datafield tag="490" ind1="#" ind2="#">
   <subfield code="a">Kết nối tri thức với cuộc sống</subfield>
  </datafield>
  <datafield tag="653" ind1="#" ind2="#">
   <subfield code="a">Giáo dục</subfield>
  </datafield>
  <datafield tag="653" ind1="#" ind2="#">
   <subfield code="a">Kỹ năng sống</subfield>
  </datafield>
  <datafield tag="653" ind1="#" ind2="#">
   <subfield code="a">Vở bài tập</subfield>
  </datafield>
  <datafield tag="653" ind1="#" ind2="#">
   <subfield code="a">Tổ chức</subfield>
  </datafield>
  <datafield tag="653" ind1="#" ind2="#">
   <subfield code="a">Trải nghiệm</subfield>
  </datafield>
  <datafield tag="653" ind1="#" ind2="#">
   <subfield code="a">Lớp 1</subfield>
  </datafield>
  <datafield tag="653" ind1="#" ind2="#">
   <subfield code="a">Tiểu học</subfield>
  </datafield>
  <datafield tag="700" ind1="1" ind2="#">
   <subfield code="a">Lê, Thị Luận</subfield>
  </datafield>
  <datafield tag="700" ind1="1" ind2="#">
   <subfield code="a">Lưu, Danh Văn</subfield>
  </datafield>
  <datafield tag="852" ind1="#" ind2="#">
   <subfield code="j">KGT.0060042</subfield>
   <subfield code="j">KGT.0060041</subfield>
   <subfield code="j">KGT.0060039</subfield>
   <subfield code="j">KGT.0060040</subfield>
   <subfield code="j">KD.0027391</subfield>
  </datafield>
  <datafield tag="910" ind1="#" ind2="#">
   <subfield code="d">1/9/2020</subfield>
  </datafield>
  <datafield tag="980" ind1="#" ind2="#">
   <subfield code="a">Trung tâm Học liệu Lê Vũ Hùng, Trường Đại học Đồng Tháp</subfield>
  </datafield>
 </record>
</collection>
